000 01348nam a22003737a 4500
003 CHAP
005 20220329140327.0
008 971013s1982 r 00010 d
010 _a50471
011 _a51443
035 _a55593
040 _cCHAP
090 _aTesis
100 0 0 _aRodríguez del Bosque, Luis Ángel.
_998440
245 _aSusceptibilidad de variedades de maíz al ataque de la gallina ciega, Phyllophaga crinita Burmeister
260 _aMonterrey, N L. :
_bEl autor,
_c1982
300 _a84 h.
_b; gráfs.
502 _aTesis (M. C. Esp. en Parasitología Agrícola) -- ITESM. División de Ciencias Agropecuarias y Marítimas
590 _aALEPH
_b10
_c20130110
_lUCH01
_h1325
590 _aBATCH-UPD
_b10
_c20130110
_lUCH01
_h0241
590 _aBATCH-UPD
_b10
_c20130110
_lUCH01
_h1702
590 _aBATCH-UPD
_b10
_c20130409
_lUCH01
_h2309
590 _aBATCH-UPD
_b10
_c20130914
_lUCH01
_h1752
590 _aCONVERSION
_b10
_c20130109
_lUCH01
_h1327
650 1 4 _aMaíz
_xPlagas.
_971034
650 1 4 _aMaíz
_xVariedades resistentes a plagas.
_971083
650 1 4 _aMaíz
_xVariedades.
_971081
650 1 4 _aPhyllophaga crinita.
_987882
901 _aBK
942 _cFOLL
949 _bBC
_cTES
_d-121880
_eTS1
_i55593
_si
949 _bBC
_cTES
_d-121881
_eTS2
_fc.2
_i55593
_si
949 _bBC
_cTES
_d-121882
_eTS2
_fc.3
_h18315
_i55593
_si
999 _c50471
_d50471